| 000 | 00363nam a2200145Ia 4500 | ||
|---|---|---|---|
| 008 | 191201s2007 xx 000 0 und d | ||
| 082 |
_a530.1 _bCHA |
||
| 100 | _aCHATTOPADHYAY, D | ||
| 245 | 3 | _aAn Advanced Course in Practical Physics | |
| 250 | _a8th | ||
| 260 |
_aN.Delhi _bNew Age International _c2007 |
||
| 300 | _a860 | ||
| 650 | _aApplied | ||
| 942 |
_2ddc _cBK |
||
| 999 |
_c3294 _d3294 |
||